The code of civil procedure: (Record no. 181303)

MARC details
000 -LEADER
fixed length control field 00938nam a22002177a 4500
005 - DATE AND TIME OF LATEST TRANSACTION
control field 20210907164109.0
010 ## - LCCN (DPL NO)
LC control number ENG-129896 -98
020 ## - INTERNATIONAL STANDARD BOOK NUMBER
International Standard Book Number 978-93-9121-112-7
Terms of availability 7995.00( vol.3)
035 ## - SYSTEM CONTROL NUMBER
System control number EN-113428 -30
037 ## - SOURCE OF ACQUISITION
Source of stock number/acquisition DBAD/PUB
082 ## - DEWEY DECIMAL CLASSIFICATION NUMBER
Classification number 347.540502468
100 ## - MAIN ENTRY--PERSONAL NAME
Personal name Joseph,Justice Kurian
245 ## - TITLE STATEMENT
Title The code of civil procedure:
Statement of responsibility, etc Justice Kurian Joseph, Namit Saxene
Remainder of title Including the commercial cours,Commercial division and commercial Appellate Division of high courts act,2015/
250 ## - EDITION STATEMENT
Edition statement 12th ed.
260 ## - PUBLICATION, DISTRIBUTION, ETC. (IMPRINT)
Name of publisher, distributor, etc Lexis Nexis
Place of publication, distribution, etc India
Date of publication, distribution, etc 2018
270 ## - ADDRESS
City Gurgaon
Postal code 122002
Address 14th Floor , Building No 10, Tower-B, DLF Cyber City, phase -ll
Telephone number +91 124 4774444
Fax number +91 124 4774100
Electronic mail address help.in@lexisnexis.com
300 ## - PHYSICAL DESCRIPTION
Extent v.p.
Dimensions 25cm(hbk)
Other physical details vol.1-3
500 ## - GENERAL NOTE
General note vol.1(section 1to58)<br/>vol.2(orders I to xxii)<br/>vol.3(orders xxiii to Ll)<br/>
700 ## - ADDED ENTRY--PERSONAL NAME
Personal name Saxena,Namit
942 ## - ADDED ENTRY ELEMENTS (KOHA)
Source of classification or shelving scheme Dewey Decimal Classification
Item type English Books
Classification part 347.540502468
Call number suffix JOS
Holdings
Withdrawn status Lost status Materials specified (bound volume or other part) Not for loan Collection code Home library Current library Date acquired Source of acquisition Cost, normal purchase price Full call number Barcode Copy number Cost, replacement price Koha item type
    vol.1   Reference Central Library Central Library 07/09/2021 DBAD/PUB 2665.00 347.540502468 JOS EN-113428 1 2665.00 English Books
    vol.2   Reference Central Library Central Library 07/09/2021 DBAD/PUB 2665.00 347.540502468 JOS EN-113429 1 2665.00 English Books
    vol.3   Reference Central Library Central Library 07/09/2021 DBAD/PUB 2665.00 347.540502468 JOS EN-113430 1 2665.00 English Books

© Delhi Public Library
Hit Counter
free hit counter